Which U.S. State Capital? - Statistics

General Stats
  • This quiz has been taken 15,935 times
  • The average score is 13 of 20
Answer Stats
Hint Capital % Correct
Record high temperature: 122 °F Phoenix
89%
The northernmost state capital Juneau
88%
Founded in 1850, two years after gold was discovered at nearby Sutter's Mill Sacramento
83%
Founded by Brigham Young who said "this is the right place, drive on" Salt Lake City
80%
Where Abraham Lincoln practiced law Springfield
78%
Paul Revere and Samuel Adams lived here Boston
77%
The nearby motor raceway has a capacity of 250,000 people, making it the largest sporting venue in the world Indianapolis
73%
Its name is Spanish for "Holy Faith" Santa Fe
72%
Site of Tesla headquarters since 2021 Austin
71%
Home to the U.S. Naval Academy Annapolis
70%
Burned by General Sherman on his March to the Sea Atlanta
67%
Named for a German chancellor Bismarck
66%
A common name for men born in France Pierre
64%
George Washington crossed the icy Delaware River to surprise Hessian troops stationed here Trenton
62%
Named for a town on the English Channel Dover
57%
Baseballs travel further here than in every other Major League city Denver
56%
From 1850–1893, it was the capital of a monarchy Honolulu
53%
Founded during the Land Run of 1889, its population increased from zero to 10,000 in a single day Oklahoma City
46%
Proudly calls itself "The Insurance Capital of the World" Hartford
36%
In 1951, Oliver Brown sued the Board of Education of this city Topeka
35%
No matching quizzes found
Score Distribution
Percent of People with Each Score
Percentile by Number Answered
Your Score History
You have not taken this quiz